|
|
|
|
| LEADER |
00000nam0a2200000 4500 |
| 001 |
283477 |
| 005 |
20231101235612.0 |
| 020 |
|
|
|a RU
|b 85-9725
|
| 035 |
|
|
|a (RuTPU)RU\TPU\book\307555
|
| 090 |
|
|
|a 283477
|
| 100 |
|
|
|a 20150206d1985 km y0rusy5003 ca
|
| 101 |
0 |
|
|a rus
|
| 102 |
|
|
|a RU
|
| 105 |
|
|
|a y z 001zy
|
| 200 |
1 |
|
|a Восемнадцатое брюмера Луи Бонапарта
|f К. Маркс
|
| 210 |
|
|
|a Москва
|c Политиздат
|d 1985
|
| 215 |
|
|
|a 118 с.
|
| 320 |
|
|
|a Библиография в примечаниях : с. 110-117
|
| 606 |
1 |
|
|a Маркс К.
|x Отдельные произведения
|2 stltpush
|3 (RuTPU)RU\TPU\subj\41046
|9 60865
|
| 610 |
1 |
|
|a революция 1848 г.
|
| 610 |
1 |
|
|a Франция
|
| 610 |
1 |
|
|a история
|
| 610 |
1 |
|
|a марксизм
|
| 610 |
1 |
|
|a марксистская философия
|
| 610 |
1 |
|
|a классовая борьба
|
| 610 |
1 |
|
|a движущие силы
|
| 610 |
1 |
|
|a политические партии
|
| 610 |
1 |
|
|a рабочий класс
|
| 686 |
|
|
|a Ю3(0)6-602.136
|2 rubbk
|
| 700 |
|
1 |
|a Маркс
|b К.
|c немецкий мыслитель
|c общественный деятель
|c основоположник марксизма
|f 1818-1883
|g Карл
|2 stltpush
|3 (RuTPU)RU\TPU\pers\297
|9 147
|
| 801 |
|
0 |
|a RU
|b RuMRKP
|c 19950704
|g psbo
|
| 801 |
|
1 |
|a RU
|b 63413507
|c 20150206
|
| 801 |
|
2 |
|a RU
|b 63413507
|c 20180831
|g RCR
|
| 942 |
|
|
|c BK
|